[Event "NCL978b Nidum Kts-Gwent Dragon"]
[Site "Rd4"]
[Date "1997.11.23"]
[Round "4.2"]
[White "Varley, Peter"]
[Black "Long, Matthew"]
[Result "1-0"]
[WhiteElo "2220"]
[BlackElo "2180"]
[PlyCount "119"]
[EventDate "1997.11.23"]
[Source "4NCL"]
[SourceDate "1998.01.01"]

1. e4 e6 2. d4 d5 3. Nc3 Bb4 4. e5 c5 5. a3 Bxc3+ 6. bxc3 Ne7 7. Qg4 Qc7 8.
Qxg7 Rg8 9. Qxh7 cxd4 10. Ne2 Nbc6 11. f4 Bd7 12. Qd3 dxc3 13. Rb1 Nf5 14. h3
d4 15. g4 Nh4 16. Qh7 Nf3+ 17. Kf2 O-O-O 18. Kxf3 Nxe5+ 19. fxe5 Bc6+ 20. Kf2
Bxh1 21. Qd3 Qxe5 22. Bf4 Qe4 23. Qc4+ Qc6 24. Ng3 Qxc4 25. Bxc4 Bc6 26. Be5
Ba4 27. Bd3 f6 28. Bf4 Bc6 29. Nh5 e5 30. Bf5+ Kb8 31. Bg3 Rgf8 32. Nxf6 Rxf6
33. Bxe5+ Rfd6 34. h4 b6 35. h5 Kb7 36. Bxd6 Rxd6 37. Re1 Rf6 38. Re7+ Ka6 39.
Ke1 Ba4 40. Bc8+ Kb5 41. Bd7+ Ka5 42. Bxa4 Kxa4 43. g5 Rf5 44. Rxa7+ Kb5 45.
Rg7 Re5+ 46. Kd1 Rf5 47. h6 Rf1+ 48. Ke2 Rc1 49. Kd3 Rd1+ 50. Ke4 d3 51. cxd3
Kc6 52. h7 Rh1 53. Rg6+ Kc7 54. Rh6 Rxh6 55. gxh6 c2 56. h8=Q c1=Q 57. Qe5+ Kb7
58. Qd5+ Ka7 59. Qf7+ Kb8 60. Qf4+ 1-0

[Event "NCL978b Nidum Kts-Gwent Dragon"]
[Site "Rd4"]
[Date "1997.11.23"]
[Round "4.4"]
[White "Gilbert, Jonathan"]
[Black "Musson, Adam"]
[Result "1/2-1/2"]
[WhiteElo "2110"]
[BlackElo "2110"]
[PlyCount "94"]
[EventDate "1997.11.23"]
[Source "4NCL"]
[SourceDate "1998.01.01"]

1. e4 c5 2. Nc3 Nc6 3. Nf3 d6 4. d4 cxd4 5. Nxd4 Nf6 6. Bc4 e6 7. Be3 Be7 8.
Qe2 Bd7 9. O-O-O a6 10. Bb3 Na5 11. g4 O-O 12. g5 Ne8 13. Qh5 Nxb3+ 14. axb3 g6
15. Qh6 f6 16. Rdg1 Rf7 17. f4 fxg5 18. fxg5 Bf8 19. Qh4 b5 20. Rf1 Qe7 21. Qg3
Ng7 22. Qg2 Rc8 23. Rxf7 Qxf7 24. Rf1 Qe7 25. Nde2 a5 26. Nf4 Bc6 27. Bd4 b4
28. Bf6 Qd7 29. Nd1 a4 30. bxa4 Bxa4 31. Rf2 Bc6 32. Ne3 b3 33. Ng4 Ne8 34. Bc3
e5 35. Nd5 Bxd5 36. exd5 Bg7 37. Qh3 Qe7 38. Nf6+ Bxf6 39. gxf6 Rxc3 40. Qxc3
Nxf6 41. Qxb3 Ne4 42. Rf3 Qa7 43. c3 Qg1+ 44. Qd1 Qxh2 45. Rf1 Nc5 46. Kb1 e4
47. Qg4 Kg7 1/2-1/2

[Event "NCL978b Nidum Kts-Gwent Dragon"]
[Site "Rd4"]
[Date "1997.11.23"]
[Round "4.5"]
[White "Jones, Richard S"]
[Black "Adams, Mark"]
[Result "0-1"]
[WhiteElo "2075"]
[BlackElo "2100"]
[PlyCount "56"]
[EventDate "1997.11.23"]
[Source "4NCL"]
[SourceDate "1998.01.01"]

1. e4 c5 2. Nc3 e6 3. f4 d5 4. d3 dxe4 5. Nxe4 Nf6 6. Nxf6+ Qxf6 7. Nf3 Nc6 8.
g3 g6 9. Bg2 Bg7 10. O-O O-O 11. Rb1 Qe7 12. Re1 Qc7 13. Be3 b6 14. Ng5 Bb7 15.
Ne4 Rad8 16. Qe2 Rd7 17. Qf2 Nb4 18. g4 Nd5 19. Bd2 Bd4 20. Be3 Nxe3 21. Rxe3
Bxe4 22. Bxe4 Bxe3 23. Qxe3 Qd6 24. Kh1 Re7 25. Bf3 Qd4 26. Qd2 c4 27. Qb4 Rc7
28. Be4 Rd8 0-1

[Event "NCL978b Nidum Kts-Gwent Dragon"]
[Site "Rd4"]
[Date "1997.11.23"]
[Round "4.6"]
[White "Fletcher, John"]
[Black "Fish, Andrew"]
[Result "1/2-1/2"]
[WhiteElo "2095"]
[BlackElo "2115"]
[PlyCount "33"]
[EventDate "1997.11.23"]
[Source "4NCL"]
[SourceDate "1998.01.01"]

1. d4 e6 2. e4 d5 3. Nc3 Bb4 4. Nge2 dxe4 5. a3 Be7 6. Nxe4 Nf6 7. N2g3 Bd7 8.
Nxf6+ Bxf6 9. Nh5 Bc6 10. Nxf6+ Qxf6 11. Qg4 Nd7 12. Bg5 Qg6 13. Bd3 f5 14. Qh4
h6 15. Bf4 Nf6 16. O-O-O O-O-O 17. Be5 1/2-1/2

[Event "NCL978b Nidum Kts-Gwent Dragon"]
[Site "Rd4"]
[Date "1997.11.23"]
[Round "4.7"]
[White "Cleveland, Richard"]
[Black "Brown, Fred"]
[Result "1-0"]
[WhiteElo "2045"]
[BlackElo "2090"]
[PlyCount "77"]
[EventDate "1997.11.23"]
[Source "4NCL"]
[SourceDate "1998.01.01"]

1. d4 Nf6 2. Nf3 g6 3. e3 Bg7 4. b3 O-O 5. Bb2 d5 6. c4 c5 7. Nc3 Qa5 8. cxd5
Nxd5 9. Bc4 cxd4 10. exd4 e6 11. O-O Nxc3 12. Qd2 Nc6 13. Bxc3 Qd8 14. Rad1 Ne7
15. Rfe1 a6 16. a4 Nd5 17. Ba5 Qd6 18. Ne5 Bd7 19. Qe2 Rac8 20. Qf3 Bc6 21.
Nxc6 Qxc6 22. h4 Rfe8 23. h5 Ne7 24. hxg6 hxg6 25. Qxc6 Nxc6 26. Bb6 Bf6 27. d5
exd5 28. Bxd5 Rxe1+ 29. Rxe1 Kg7 30. Rc1 Ne7 31. Rxc8 Nxc8 32. Bc7 b5 33. Bb7
Ne7 34. Bxa6 Nd5 35. Bb8 bxa4 36. bxa4 Nc3 37. a5 Bd8 38. Be5+ f6 39. Bxc3 1-0

[Event "NCL978b Nidum Kts-Gwent Dragon"]
[Site "Rd4"]
[Date "1997.11.23"]
[Round "4.8"]
[White "Roberts, Lynda"]
[Black "Wilson, Julie"]
[Result "1/2-1/2"]
[WhiteElo "1800"]
[BlackElo "1800"]
[PlyCount "23"]
[EventDate "1997.11.23"]
[Source "4NCL"]
[SourceDate "1998.01.01"]

1. e4 e6 2. Qe2 c5 3. d3 Nc6 4. Nf3 Nge7 5. g3 d5 6. Bg2 g6 7. O-O Bg7 8. c3
O-O 9. h4 h6 10. Nbd2 b6 11. Re1 Ba6 12. e5 1/2-1/2

[Event "NCL978b White Rose-Bristol2"]
[Site "Rd5"]
[Date "1998.01.24"]
[Round "5.1"]
[White "Dunnington, Angus"]
[Black "Collier, David"]
[Result "1/2-1/2"]
[WhiteElo "2390"]
[BlackElo "2230"]
[PlyCount "120"]
[EventDate "1998.01.24"]
[Source "4NCL"]
[SourceDate "1998.01.01"]

1. Nf3 Nf6 2. g3 e6 3. Bg2 b6 4. O-O Bb7 5. c4 Be7 6. Nc3 O-O 7. Re1 d5 8. cxd5
exd5 9. d4 Re8 10. Bf4 Na6 11. Rc1 c5 12. Qa4 h6 13. Rcd1 c4 14. Ne5 g5 15. Bd2
Nc7 16. b3 cxb3 17. Qxb3 Ne6 18. Bc1 Rc8 19. Bb2 Bf8 20. Nb5 Ra8 21. e3 Nc7 22.
Rc1 Nxb5 23. Qxb5 a6 24. Qb3 Qd6 25. Rc2 Rac8 26. Rec1 Rxc2 27. Rxc2 Rc8 28.
Rxc8 Bxc8 29. Qc2 Be6 30. Bf1 b5 31. Nd3 Bf5 32. Qc1 Ne4 33. Ne5 f6 34. Nd3 h5
35. Nc5 h4 36. Nxe4 Bxe4 37. Bg2 Bf5 38. Qc3 h3 39. Bf3 g4 40. Be2 Qe6 41. Bf1
Bh6 42. Bc1 Be4 43. Be2 Kh7 44. Ba3 Bb1 45. Bd3+ Bxd3 46. Qxd3+ Qe4 47. Qxe4+
dxe4 48. Kf1 Kg6 49. Ke2 f5 50. Kd2 Kf6 51. Bc1 Bf8 52. Kc2 Ke6 53. Bd2 Bd6 54.
Kb3 Kd5 55. Bb4 Bc7 56. Bd2 Bd6 57. Bb4 Bc7 58. Bd2 Bb6 59. Be1 Bc7 60. Bd2 Bb6
1/2-1/2

[Event "NCL978b White Rose-Bristol2"]
[Site "Rd5"]
[Date "1998.01.24"]
[Round "5.2"]
[White "Moskovic, David"]
[Black "Dearing, Eddie"]
[Result "0-1"]
[WhiteElo "2220"]
[BlackElo "2295"]
[PlyCount "75"]
[EventDate "1998.01.24"]
[Source "4NCL"]
[SourceDate "1998.01.01"]

1. e4 c5 2. Nf3 d6 3. d4 Nf6 4. Nc3 cxd4 5. Nxd4 g6 6. Be3 Bg7 7. f3 O-O 8. Qd2
Nc6 9. O-O-O d5 10. Kb1 Nxd4 11. e5 Nf5 12. exf6 Bxf6 13. Nxd5 Qxd5 14. Qxd5
Nxe3 15. Qd3 Nxd1 16. Qxd1 Be6 17. Bd3 Rfd8 18. Qe2 Rd4 19. g4 Rad8 20. h4 Rb4
21. b3 a5 22. Qe1 Rc8 23. h5 g5 24. h6 b6 25. Qd2 Rd4 26. Re1 a4 27. Re4 axb3
28. axb3 Rd6 29. f4 b5 30. Qg2 Bd5 31. Kc1 Bc3 32. Kd1 Ra8 33. Ke2 Bxe4 34. Qh3
Bxd3+ 35. cxd3 Ra2+ 36. Ke3 Bd4+ 37. Ke4 Re2+ 38. Kf5 0-1

[Event "NCL978b White Rose-Bristol2"]
[Site "Rd5"]
[Date "1998.01.24"]
[Round "5.3"]
[White "Potts, Alan"]
[Black "Mordue, Tyson"]
[Result "0-1"]
[WhiteElo "2290"]
[BlackElo "2250"]
[PlyCount "58"]
[EventDate "1998.01.24"]
[Source "4NCL"]
[SourceDate "1998.01.01"]

1. e4 c5 2. Nf3 d6 3. d4 cxd4 4. Nxd4 Nf6 5. Nc3 a6 6. Bg5 e6 7. Qd3 Be7 8.
O-O-O Nbd7 9. f4 Qc7 10. Qg3 O-O 11. Bd3 b5 12. a3 Rb8 13. e5 dxe5 14. Nf3 Bxa3
15. Nxe5 Be7 16. Qh4 Re8 17. Nxd7 Bxd7 18. Bxf6 Bxf6 19. Qxh7+ Kf8 20. Ne4 Bc6
21. Rhf1 Bxe4 22. Bxe4 Rbd8 23. g3 Qa5 24. c3 b4 25. Bc6 bxc3 26. Bxe8 cxb2+
27. Kc2 b1=Q+ 28. Kxb1 Qa1+ 29. Kc2 Qb2# 0-1

[Event "NCL978b White Rose-Bristol2"]
[Site "Rd5"]
[Date "1998.01.24"]
[Round "5.4"]
[White "Rudd, Jack"]
[Black "Gayson, Peter"]
[Result "1/2-1/2"]
[WhiteElo "2165"]
[BlackElo "2240"]
[PlyCount "98"]
[EventDate "1998.01.24"]
[Source "4NCL"]
[SourceDate "1998.01.01"]

1. d4 f5 2. e4 fxe4 3. Nc3 Nf6 4. Bg5 e6 5. Nxe4 Be7 6. Bxf6 Bxf6 7. Nf3 O-O 8.
Bd3 d5 9. Nxf6+ Qxf6 10. O-O c5 11. c3 Nc6 12. dxc5 e5 13. Bb5 Ne7 14. Qe1 Ng6
15. Rd1 Bg4 16. Be2 Nf4 17. Nd4 Bh3 18. gxh3 exd4 19. Rxd4 Rae8 20. Rxf4 Qxf4
21. Qd1 Re5 22. Bg4 Qg5 23. Kh1 h5 24. Bf3 Kh8 25. Bg2 Rf4 26. Qd2 Rc4 27. f4
Qh6 28. b3 Rce4 29. Bxe4 Rxe4 30. Qxd5 Rxf4 31. Rxf4 Qxf4 32. Qxh5+ Kg8 33.
Qd5+ Kh8 34. Kg2 Qe3 35. Qd4 Qe2+ 36. Qf2 Qe4+ 37. Qf3 Qc2+ 38. Kg3 Qg6+ 39.
Kh4 Qe6 40. b4 Qe1+ 41. Kg4 Qe6+ 42. Kf4 Qxa2 43. Qxb7 Qxh2+ 44. Kg4 Qg1+ 45.
Kf5 Qf2+ 46. Ke6 Qf6+ 47. Kd7 Qf7+ 48. Kc8 Qf8+ 49. Kc7 Qf4+ 1/2-1/2

[Event "NCL978b White Rose-Bristol2"]
[Site "Rd5"]
[Date "1998.01.24"]
[Round "5.5"]
[White "Barrett, Stephen"]
[Black "Buckley, Simon"]
[Result "1-0"]
[WhiteElo "2240"]
[BlackElo "2105"]
[PlyCount "107"]
[EventDate "1998.01.24"]
[Source "4NCL"]
[SourceDate "1998.01.01"]

1. d4 Nf6 2. c4 g6 3. Nc3 Bg7 4. e4 d6 5. f4 O-O 6. Nf3 c5 7. d5 b5 8. cxb5 a6
9. a4 Qa5 10. Bd2 Qb4 11. Qc2 axb5 12. Bxb5 e6 13. e5 dxe5 14. fxe5 Nfd7 15.
Ne4 Qxb5 16. axb5 Rxa1+ 17. Bc1 exd5 18. Nxc5 Nxc5 19. Qxc5 Bg4 20. O-O Rc8 21.
Qe3 Bxf3 22. Qxf3 Raxc1 23. Qxf7+ Kh8 24. Rxc1 Rxc1+ 25. Kf2 Rc2+ 26. Kf3 Rc8
27. Qxd5 Re8 28. e6 Bf6 29. h4 Kg7 30. g4 Be7 31. h5 g5 32. Qe5+ Kh6 33. Kg2
Rf8 34. Qc7 Re8 35. b6 Kg7 36. Qe5+ Kh6 37. b4 Rf8 38. Qc7 Re8 39. Kf3 Kg7 40.
Ke2 Kh6 41. Kd3 Na6 42. Qe5 Nb8 43. Kc4 Rc8+ 44. Qc7 Re8 45. Kb5 Kg7 46. Qe5+
Kh6 47. b7 Rd8 48. Qc7 Re8 49. Qc8 Rf8 50. Kb6 Bxb4 51. Ka7 Bd6 52. Qxf8+ Bxf8
53. Kxb8 Bd6+ 54. Kc8 1-0

[Event "NCL978b White Rose-Bristol2"]
[Site "Rd5"]
[Date "1998.01.24"]
[Round "5.6"]
[White "Easton, Alex"]
[Black "Palliser, Richard"]
[Result "1-0"]
[WhiteElo "2096"]
[BlackElo "2165"]
[PlyCount "91"]
[EventDate "1998.01.24"]
[Source "4NCL"]
[SourceDate "1998.01.01"]

1. Nf3 d6 2. d4 Nf6 3. c4 g6 4. Nc3 Bg7 5. e4 O-O 6. Be2 e5 7. O-O Nc6 8. d5
Ne7 9. Nd2 a5 10. a3 Bd7 11. Qc2 Ne8 12. Ra2 f5 13. b4 f4 14. c5 g5 15. f3 h5
16. Nc4 axb4 17. axb4 Rxa2 18. Qxa2 Ng6 19. c6 Bc8 20. cxb7 Bxb7 21. Na5 Bc8
22. Nc6 Qf6 23. Bd2 g4 24. Qa8 gxf3 25. Bxf3 Bg4 26. Nd8 Bxf3 27. Rxf3 Nh4 28.
Rf2 Kh8 29. Ne6 Rg8 30. Qd8 Bh6 31. Qxf6+ Nxf6 32. h3 Kh7 33. Nxc7 Rc8 34. N7b5
Rc4 35. Nxd6 Rxb4 36. Kf1 Bf8 37. Nf7 Ng6 38. Re2 Kg8 39. Ng5 h4 40. Re1 Nh5
41. Ke2 {(Draw offer?!)} Ng3+ 42. Kd3 Be7 43. Nf3 Nh5 44. Rb1 Rxb1 45. Nxb1 Ng7
46. Bc3 1-0

[Event "NCL978b White Rose-Bristol2"]
[Site "Rd5"]
[Date "1998.01.24"]
[Round "5.7"]
[White "Tan, Desmond"]
[Black "Dilleigh, Steven"]
[Result "0-1"]
[WhiteElo "2110"]
[BlackElo "2000"]
[PlyCount "86"]
[EventDate "1998.01.24"]
[Source "4NCL"]
[SourceDate "1998.01.01"]

1. e4 c5 2. Nf3 d6 3. d4 cxd4 4. Nxd4 Nf6 5. Nc3 Nc6 6. Bc4 e6 7. O-O Be7 8.
Bb3 O-O 9. Kh1 a6 10. f4 Nxd4 11. Qxd4 b5 12. a3 Nd7 13. Be3 Nc5 14. Ba2 Bb7
15. Rad1 Rc8 16. Rfe1 Bf6 17. e5 dxe5 18. Qxc5 Rxc5 19. Rxd8 Rxd8 20. Bxc5 exf4
21. Rd1 Rxd1+ 22. Nxd1 f3 23. Kg1 fxg2 24. c3 Bg5 25. Bb1 f5 26. Bd3 Kf7 27.
Be3 f4 28. Bd2 e5 29. Nf2 Be7 30. Be4 Bxe4 31. Nxe4 Ke6 32. Kxg2 Kf5 33. Nf2 e4
34. Nh3 g5 35. Ng1 g4 36. h3 h5 37. Be1 e3 38. Kf1 f3 39. Bg3 Ke4 40. hxg4 hxg4
41. b3 Bxa3 42. c4 bxc4 43. bxc4 Kd3 0-1

[Event "NCL978b Gwent Dragons-Witney"]
[Site "Rd5"]
[Date "1998.01.24"]
[Round "5.1"]
[White "Varley, Peter"]
[Black "Cooksey, Paul"]
[Result "1/2-1/2"]
[WhiteElo "2210"]
[BlackElo "2185"]
[PlyCount "59"]
[EventDate "1998.01.24"]
[Source "4NCL"]
[SourceDate "1998.01.01"]

1. e4 c5 2. c3 Nf6 3. e5 Nd5 4. d4 cxd4 5. cxd4 e6 6. Nc3 Nxc3 7. bxc3 Qc7 8.
Bd2 d6 9. f4 Bd7 10. Bd3 Bc6 11. Nf3 Nd7 12. O-O b5 13. exd6 Bxd6 14. Qe2 O-O
15. Ne5 Nxe5 16. fxe5 Ba3 17. Qg4 Rfd8 18. Bg5 Be7 19. Bxh7+ Kxh7 20. Qh5+ Kg8
21. Qxf7+ Kh8 22. Bxe7 Re8 23. Rf4 Qxe7 24. Qh5+ Kg8 25. Rh4 Rf8 26. Qh7+ Kf7
27. Qh5+ Kg8 28. Qh7+ Kf7 29. Qh5+ Kg8 30. Qh7+ 1/2-1/2

[Event "NCL978b Gwent Dragons-Witney"]
[Site "Rd5"]
[Date "1998.01.24"]
[Round "5.2"]
[White "Headlong, Tim"]
[Black "Saunders, Nigel"]
[Result "1-0"]
[WhiteElo "2260"]
[BlackElo "2135"]
[PlyCount "47"]
[EventDate "1998.01.24"]
[Source "4NCL"]
[SourceDate "1998.01.01"]

1. c4 Nf6 2. Nf3 d6 3. d4 g6 4. Nc3 Bg7 5. e4 O-O 6. Be2 e5 7. d5 a5 8. Bg5 h6
9. Bh4 Na6 10. Nd2 Qe8 11. O-O Nh7 12. a3 f5 13. f3 g5 14. Bf2 f4 15. b4 Bd7
16. c5 axb4 17. axb4 dxc5 18. b5 Nb4 19. Rxa8 Qxa8 20. Bxc5 Qa3 21. Qc1 Qa5 22.
Nc4 Na2 23. Nxa5 Nxc1 24. Rxc1 1-0

[Event "NCL978b Gwent Dragons-Witney"]
[Site "Rd5"]
[Date "1998.01.24"]
[Round "5.3"]
[White "Powell, J Lloyd"]
[Black "Haydon, Richard"]
[Result "1/2-1/2"]
[WhiteElo "2048"]
[BlackElo "2180"]
[PlyCount "98"]
[EventDate "1998.01.24"]
[Source "4NCL"]
[SourceDate "1998.01.01"]

1. d4 d6 2. Nf3 g6 3. c4 Bg7 4. Nc3 Nf6 5. e4 O-O 6. Be2 Nbd7 7. O-O e5 8. Be3
c6 9. Qc2 Qe7 10. d5 c5 11. a3 Nh5 12. Rfe1 f5 13. exf5 gxf5 14. Ng5 Ndf6 15.
Qd1 Ng4 16. Bxg4 fxg4 17. Qd2 Bf5 18. Rad1 Nf6 19. b4 b6 20. Nb5 a6 21. Nc3
Rab8 22. Ne2 Ne4 23. Nxe4 Bxe4 24. Ng3 Bg6 25. Ne4 Bxe4 26. Bg5 Bf6 27. Rxe4
Bxg5 28. Rxg4 h6 29. h4 Rf4 30. Qe2 Qd7 31. Rxf4 Bxf4 32. g3 Kh8 33. Kh2 Qe7
34. Qh5 Qf6 35. Kh3 Rg8 36. gxf4 exf4 37. Rd3 Qg7 38. Qf3 Qg6 39. Rd2 Qf5+ 40.
Kh2 Rg4 41. Re2 Rxh4+ 42. Kg2 Rg4+ 43. Kf1 Qb1+ 44. Re1 Rg1+ 45. Kxg1 Qxe1+ 46.
Kg2 Qe5 47. bxc5 bxc5 48. Qg4 Qg5 49. Kf3 Qxg4+ 1/2-1/2

[Event "NCL978b Gwent Dragons-Witney"]
[Site "Rd5"]
[Date "1998.01.24"]
[Round "5.4"]
[White "Rose, Matthew"]
[Black "Miles, Richard"]
[Result "1/2-1/2"]
[WhiteElo "2176"]
[BlackElo "2090"]
[PlyCount "130"]
[EventDate "1998.01.24"]
[Source "4NCL"]
[SourceDate "1998.01.01"]

1. e4 c5 2. c3 Nf6 3. e5 Nd5 4. Nf3 Nc6 5. Bc4 Nb6 6. Bb3 d5 7. exd6 e6 8. Na3
Bxd6 9. d4 cxd4 10. Nb5 Be7 11. Bf4 O-O 12. Bc7 Qd7 13. Bxb6 axb6 14. Nbxd4
Nxd4 15. Qxd4 Qxd4 16. Nxd4 Bd7 17. Rd1 Ba4 18. Bxa4 Rxa4 19. a3 Ra5 20. Kd2
Rd8 21. Kc2 Rad5 22. Ne2 Bc5 23. f3 Kf8 24. c4 Rxd1 25. Rxd1 Rxd1 26. Kxd1 Ke7
27. Kd2 Bd6 28. h3 Be5 29. b4 Kd6 30. Kd3 Kc6 31. f4 Bf6 32. Nd4+ Kd6 33. Nb5+
Kc6 34. Ke4 Bb2 35. g4 Bc1 36. f5 exf5+ {(Draw offer)} 37. Kxf5 Kd7 38. Ke4 Ke6
39. Nc7+ Kd7 40. Nb5 Ke6 41. a4 Bd2 42. Nc7+ Kd7 43. Nd5 Ke6 44. Kd3 Be1 45.
Ke2 Bg3 46. Nxb6 f5 47. Ke3 fxg4 48. hxg4 g6 49. Nd5 Ke5 50. a5 Be1 51. Nf4 Bh4
52. Nd3+ Kd6 53. Nc5 Kc6 54. Ne6 Be7 55. b5+ Kd7 56. Nf4 Bb4 57. a6 bxa6 58.
bxa6 Kc6 59. g5 Be7 60. Ne6 Kb6 61. Ke4 Kxa6 62. Kd5 Kb6 63. c5+ Kb7 64. c6+
Kc8 65. Kc4 Ba3 1/2-1/2

[Event "NCL978b Gwent Dragons-Witney"]
[Site "Rd5"]
[Date "1998.01.24"]
[Round "5.5"]
[White "Vaughan, David"]
[Black "Hackett, David"]
[Result "1/2-1/2"]
[WhiteElo "2050"]
[BlackElo "2225"]
[PlyCount "53"]
[EventDate "1998.01.24"]
[Source "4NCL"]
[SourceDate "1998.01.01"]

1. e4 e6 2. d4 d5 3. e5 c5 4. c3 Nc6 5. Nf3 Qb6 6. Be2 Nh6 7. Bxh6 gxh6 8. Qd2
Bd7 9. O-O Rc8 10. dxc5 Qxc5 11. Na3 Bg7 12. Qf4 a6 13. Nc2 Qb6 14. Qg3 Kf8 15.
Rab1 Qc7 16. Rbe1 Nxe5 17. Nxe5 Bxe5 18. f4 {(Draw offer)} Bg7 19. Kh1 Rg8 20.
Qh4 Qd8 21. Qf2 Bf6 22. Nd4 Bxd4 23. Qxd4 Bc6 24. Bd3 Rg7 25. Re3 Qh4 26. Rh3
Qe7 27. Rxh6 1/2-1/2

[Event "NCL978b Gwent Dragons-Witney"]
[Site "Rd5"]
[Date "1998.01.24"]
[Round "5.6"]
[White "Elliott, Sean"]
[Black "May, Frank"]
[Result "1/2-1/2"]
[WhiteElo "2064"]
[BlackElo "2080"]
[PlyCount "50"]
[EventDate "1998.01.24"]
[Source "4NCL"]
[SourceDate "1998.01.01"]

1. e4 e6 2. d4 d5 3. Nc3 Bb4 4. e5 c5 5. a3 Bxc3+ 6. bxc3 Ne7 7. Nf3 Bd7 8.
dxc5 Qa5 9. Bd3 Na6 10. O-O Nxc5 11. Rb1 Bc6 12. Nd4 Qxc3 13. Rb4 Nxd3 14. cxd3
a5 15. Nb5 Bxb5 16. Rxb5 O-O 17. Rxb7 Ng6 18. d4 Rfb8 19. Rxb8+ Rxb8 20. Qd2
Qc7 21. Bb2 Rb3 22. Rc1 Qb7 23. Rc2 a4 24. Bc1 h6 25. Qa5 Rd3 1/2-1/2

[Event "NCL978b Gwent Dragons-Witney"]
[Site "Rd5"]
[Date "1998.01.24"]
[Round "5.7"]
[White "Batey, Richard"]
[Black "Moxley, Carl"]
[Result "1/2-1/2"]
[WhiteElo "2045"]
[BlackElo "1920"]
[PlyCount "55"]
[EventDate "1998.01.24"]
[Source "4NCL"]
[SourceDate "1998.01.01"]

1. f4 d5 2. b3 Nf6 3. Bb2 g6 4. Nf3 Bg7 5. e3 c5 6. Be2 Nc6 7. O-O Qc7 8. Ne5
b6 9. Bb5 Bb7 10. Qe2 O-O 11. Bxc6 Bxc6 12. d3 Nd7 13. d4 Bb7 14. Nxd7 Qxd7 15.
Nd2 Rac8 16. Rac1 Rc7 17. Nf3 Rfc8 18. Ne5 Qe6 19. c3 cxd4 20. cxd4 Rxc1 21.
Rxc1 Rxc1+ 22. Bxc1 Qc8 23. Ba3 Qc7 24. Qb5 Bxe5 25. fxe5 Kf8 {(Draw offer)}
26. Qb4 a5 27. Qd2 Bc8 28. Qc1 1/2-1/2

[Event "NCL978b Gwent Dragons-Witney"]
[Site "Rd5"]
[Date "1998.01.24"]
[Round "5.8"]
[White "Headlong, Fenella"]
[Black "Thompsett, Heather"]
[Result "1-0"]
[WhiteElo "1824"]
[BlackElo "1095"]
[PlyCount "51"]
[EventDate "1998.01.24"]
[Source "4NCL"]
[SourceDate "1998.01.01"]

1. e4 g6 2. d4 Bg7 3. Bc4 d6 4. Nf3 e6 5. Bg5 Bf6 6. Bxf6 Nxf6 7. Nc3 Nc6 8.
O-O h5 9. d5 Ne5 10. Nxe5 dxe5 11. dxe6 Bxe6 12. Bxe6 fxe6 13. Qe2 Nd7 14. Qc4
Kf7 15. Rad1 Re8 16. f4 Kg7 17. f5 Nb6 18. Qc5 Nd7 19. Qe3 exf5 20. exf5 Rf8
21. f6+ Rxf6 22. Rxf6 Qxf6 23. Rxd7+ Kg8 24. Ne4 Qe6 25. h3 Qxd7 26. Nf6+ 1-0

[Event "NCL978b Simpsons-Wessex"]
[Site "Rd5"]
[Date "1998.01.24"]
[Round "5.1"]
[White "Hennigan, Michael"]
[Black "Rossiter, Philip"]
[Result "1-0"]
[WhiteElo "2415"]
[BlackElo "2370"]
[PlyCount "73"]
[EventDate "1998.01.24"]
[Source "4NCL"]
[SourceDate "1998.01.01"]

1. Nf3 Nf6 2. g3 d5 3. Bg2 c6 4. O-O Bf5 5. d3 e6 6. Nbd2 Bc5 7. b3 h6 8. Bb2
O-O 9. c4 Nbd7 10. cxd5 exd5 11. Nd4 Bg4 12. h3 Bh5 13. N2f3 Re8 14. Qc2 Bg6
15. Nh4 Bh7 16. Nhf5 Bf8 17. e4 a6 18. g4 c5 19. Ne2 Bxf5 20. gxf5 Qb6 21. Kh1
Rac8 22. f4 c4 23. bxc4 dxe4 24. dxe4 Nxe4 25. Bxe4 Rxe4 26. Qxe4 Qxb2 27. Rfb1
Qf6 28. Rg1 Nc5 29. Qe5 Qh4 30. Rg3 Nd3 31. Rxd3 Rxc4 32. Rg1 Qf2 33. Rdg3 Kh8
34. Qe8 Qc5 35. Rxg7 Rc2 36. Rg8+ Kh7 37. Qxf7+ 1-0

[Event "NCL978b Simpsons-Wessex"]
[Site "Rd5"]
[Date "1998.01.24"]
[Round "5.2"]
[White "Corkett, Anthony"]
[Black "Tozer, Richard"]
[Result "1/2-1/2"]
[WhiteElo "2295"]
[BlackElo "2305"]
[PlyCount "41"]
[EventDate "1998.01.24"]
[Source "4NCL"]
[SourceDate "1998.01.01"]

1. e4 c5 2. c3 d5 3. exd5 Qxd5 4. d4 Nc6 5. Nf3 cxd4 6. cxd4 e5 7. Nc3 Bb4 8.
Bd2 Bxc3 9. Bxc3 e4 10. Ne5 Nxe5 11. dxe5 Ne7 12. Qa4+ Bd7 13. Qa3 Qe6 14. Qb4
Qc6 15. Rc1 a5 16. Qd4 Nf5 17. Qd2 Rc8 18. Rd1 Be6 19. Be2 O-O 20. O-O Bxa2 21.
Bg4 1/2-1/2

[Event "NCL978b Simpsons-Wessex"]
[Site "Rd5"]
[Date "1998.01.24"]
[Round "5.3"]
[White "Mortazavi, Ali"]
[Black "Yeo, Michael"]
[Result "1-0"]
[WhiteElo "2385"]
[BlackElo "2210"]
[PlyCount "101"]
[EventDate "1998.01.24"]
[Source "4NCL"]
[SourceDate "1998.01.01"]

1. e4 e5 2. Nf3 Nc6 3. Bc4 Nf6 4. d3 Bc5 5. c3 a6 6. Nbd2 d6 7. Bb3 O-O 8. h3
Ba7 9. Nf1 d5 10. Qe2 Be6 11. Ng3 dxe4 12. dxe4 Bxb3 13. axb3 Qd6 14. Nf5 Qe6
15. O-O Rfd8 16. Ng5 Qe8 17. b4 Rd7 18. Qc4 h6 19. Nf3 Qe6 20. Qxe6 fxe6 21.
Ng3 Rad8 22. Re1 Rd1 23. Kf1 Rxe1+ 24. Kxe1 Nd7 25. Ke2 Nf8 26. Nf1 Ng6 27. g3
Nh8 28. Be3 Bxe3 29. Nxe3 Nf7 30. Nc4 g5 31. Na5 Nxa5 32. Rxa5 Rc8 33. Nxe5 b6
34. Nc6 bxa5 35. Ne7+ Kf8 36. Nxc8 Ke8 37. Na7 axb4 38. cxb4 Kd7 39. b5 Nd6 40.
bxa6 c6 41. Kd3 Kc7 42. f4 gxf4 43. gxf4 Nf7 44. Kd4 e5+ 45. fxe5 Nd8 46. Nxc6
Kxc6 47. a7 Ne6+ 48. Kc4 Kb7 49. Kd5 Nf4+ 50. Kd6 Nxh3 51. e6 1-0

[Event "NCL978b Simpsons-Wessex"]
[Site "Rd5"]
[Date "1998.01.24"]
[Round "5.4"]
[White "Neil, David"]
[Black "Hennigan, Rita"]
[Result "1-0"]
[WhiteElo "2265"]
[BlackElo "2225"]
[PlyCount "117"]
[EventDate "1998.01.24"]
[Source "4NCL"]
[SourceDate "1998.01.01"]

1. e4 c5 2. Nc3 Nc6 3. f4 g6 4. Nf3 Bg7 5. Bb5 Nd4 6. a4 a6 7. Bc4 e6 8. d3 Ne7
9. e5 d5 10. exd6 Qxd6 11. Ne4 Qc7 12. c3 Ndf5 13. a5 O-O 14. O-O Nd5 15. Qe2
Nxf4 16. Qf2 Bd7 17. Nh4 Ne2+ 18. Qxe2 Nxh4 19. Bf4 Qc6 20. Qf2 Nf5 21. Nxc5
Rac8 22. Ne4 e5 23. Bd2 Be6 24. Bxe6 Qxe6 25. b4 Nd6 26. Nc5 Qd5 27. Rae1 Rc7
28. Re3 Re7 29. Rh3 f5 30. Rxh7 Ref7 31. Rh3 e4 32. Qh4 Bf6 33. Qh6 Rg7 34.
dxe4 Nxe4 35. Nxe4 Qxe4 36. Re1 Qd5 37. Rg3 Kf7 38. Bg5 Qd6 39. Rge3 Kg8 40.
Re6 Bxg5 41. Qxg5 Qd8 42. Qh6 g5 43. Qh5 Qd2 44. Re8 Qd7 45. R1e6 Qf7 46. Qxf7+
Rgxf7 47. Rg6+ Kh7 48. Rxf8 Kxg6 49. Rxf7 Kxf7 50. Kf2 Ke6 51. Ke3 Kd5 52. Kd3
g4 53. h4 gxh3 54. gxh3 Ke5 55. Ke3 f4+ 56. Kf3 Kf5 57. h4 Ke5 58. h5 Kf5 59.
h6 1-0

[Event "NCL978b Simpsons-Wessex"]
[Site "Rd5"]
[Date "1998.01.24"]
[Round "5.5"]
[White "Black, Richard"]
[Black "Noyce, Robert"]
[Result "1/2-1/2"]
[WhiteElo "2225"]
[BlackElo "2175"]
[PlyCount "108"]
[EventDate "1998.01.24"]
[Source "4NCL"]
[SourceDate "1998.01.01"]

1. e4 d5 2. exd5 Nf6 3. Bb5+ Nbd7 4. d4 a6 5. Be2 Nxd5 6. Nf3 N7f6 7. c4 Nb6 8.
c5 Nbd5 9. Nc3 Bg4 10. Qb3 Rb8 11. h3 Bh5 12. Bg5 e6 13. Nxd5 Qxd5 14. Qxd5
Nxd5 15. g4 Bg6 16. Ne5 Be7 17. h4 Nb4 18. Bxe7 Kxe7 19. h5 Be4 20. f3 Bd5 21.
Kd2 Nxa2 22. h6 g6 23. g5 b6 24. Rxa2 Bxa2 25. Nc6+ Kd7 26. Nxb8+ Rxb8 27. Kc3
Bd5 28. b4 a5 29. bxa5 bxa5 30. Bc4 Bxc4 31. Kxc4 Rb2 32. d5 Rc2+ 33. Kb5 exd5
34. c6+ Rxc6 35. Rd1 Kd6 36. Kxa5 Rc3 37. f4 Rf3 38. Re1 Rxf4 39. Re8 c5 40.
Rh8 Ke6 41. Rxh7 Rf5 42. Rh8 Rxg5 43. h7 Rh5 44. Re8+ Kf5 45. h8=Q Rxh8 46.
Rxh8 g5 47. Kb5 Kf4 48. Kxc5 g4 49. Kxd5 g3 50. Rf8 g2 51. Rxf7+ Ke3 52. Re7+
Kf2 53. Rf7+ Ke3 54. Rg7 Kf2 1/2-1/2